Largest Islands of the Bahamas (Map) Quiz Stats

Quiz not verified by Sporcle

Challenge
Share
Tweet
Score 0/9 Timer 03:00
0 Plays Today
% Correct
Grand Bahama
92.1%
North Andros
68.3%
South Andros
67.4%
Cat Island
67.4%
Eleuthera
60.1%
Long Island
59.5%
Great Inagua
51.4%
Great Abaco
50.9%
Acklins Island
41.3%

You're not logged in!

Compare scores with friends on all Sporcle quizzes.
Sign Up with Email
OR
Log In

You Might Also Like...

Show Comments

Extras

Top Quizzes Today


Score Distribution

Your Account Isn't Verified!

In order to create a playlist on Sporcle, you need to verify the email address you used during registration. Go to your Sporcle Settings to finish the process.